Charlotte Brontë Bibliography - Statistics

General Stats
  • This quiz has been taken 18 times
  • The average score is 3 of 43
Answer Stats
Type Year Name % Correct
Novel 1847 Jane Eyre
94%
Novel 1853 Villette
53%
Novel 1857 The Professor
47%
Novel 1849 Shirley, A Tale
41%
Novel 1860 Emma
24%
Short Story Collection 1838-1839 Tales of Angria
12%
Short Story 1838-1839 Henry Hastings
6%
Short Story 1830 The Green Dwarf
6%
Magazine 1830 The Young Men's Magazine
6%
Short Story 1830 Albion and Marina
0%
Poem ???? Apostacy
0%
Short Story 1838-1839 Caroline Vernon
0%
Poem ???? Early Wrapt in Slumber Deep
0%
Poem ???? Evening Solace
0%
Poem ???? Frances
0%
Poem ???? Life
0%
Short Story 1830 Lily Hart
0%
Poem ???? Mementos
0%
Short Story 1838-1839 Mina Laury
0%
Short Story 1830 My Angria and the Angrians
0%
Poem ???? On the Death of Anne Brontë
0%
Poem ???? Parting
0%
Poem ???? Passion
0%
Poem ???? Pilate's Wife's Dream
0%
Poetry Collection 1846 Poems by Currer, Ellis, and Acton Bell
0%
Poem ???? Preference
0%
Poem ???? Presentiment
0%
Poem ???? Regret
0%
Poetry Collection 1997 Selected Poems of the Brontës
0%
Poem ???? Speak of the North! A Lonely Moor
0%
Short Story 1838-1839 Stancliffe's Hotel
0%
Short Story 1830 Tales of the Islanders
0%
Short Story 1838-1839 The Duke of Zamorna
0%
Short Story 1830 The Foundling
0%
Poem ???? The Letter
0%
Poem ???? The Missionary
0%
Short Story 1838-1839 The Roe Head Journal Fragments
0%
Short Story 1830 The Secret
0%
Short Story 1830 The Spell
0%
Poem ???? The Teacher's Monologue
0%
Poem ???? The Wife's Will
0%
Poem ???? The Wood
0%
Poem ???? Winter Stores
0%
No matching quizzes found
Score Distribution
Percent of People with Each Score
Percentile by Number Answered
Your Score History
You have not taken this quiz